01489nam a2200313 a 4500001001200000003000800012006001900020007001500039008004100054010001700095020001500112040002100127035002000148050002500168245023600193260005500429300001400484500016900498504005200667533015200719650004400871655002900915700002400944700002300968700002200991710001701013856012601030999001901156ebr10041048CaPaEBRm u cr cn|||||||||000408s1999 dcu sb 100 0 eng d z 00265790  z0309064945 aCaPaEBRcCaPaEBR a(OCoLC)4701135114aHV696.F6bE88 1999eb00aEvaluating food assistance programs in an era of welfare reformh[electronic resource] :bsummary of a workshop /cElizabeth Evanson, Charles F. Manski, and Terri M. Scanlan, editors ; Committee on National Statistics ... [et al.]. aWashington, D.C. :bNational Academy Press,c1999. axi, 60 p. aSummary of a workshop convened by the Committee on National Statistics, the Board on Children, Youth, and Families, and the Food and Nutrition Board, February 1998. aIncludes bibliographical references (p. 48-51). aElectronic reproduction.bPalo Alto, Calif. :cebrary,d2013.nAvailable via World Wide Web.nAccess may be limited to ebrary affiliated libraries. 0aFood reliefzUnited StatesvCongresses. 7aElectronic books.2local1 aEvanson, Elizabeth.1 aManski, Charles F.1 aScanlan, Terri M.2 aebrary, Inc.40uhttp://site.ebrary.com/lib/rucke/Doc?id=10041048zAn electronic book accessible through the World Wide Web; click to view c174536d174536